A kalocsai székeskáptalan rövid története és hiteleshelyi tevékenysége az Árpád-korban

Elmentve itt :
Bibliográfiai részletek
Szerző: Turbók Anita
További közreműködők: Koszta László (Témavezető)
Dokumentumtípus: Szakdolgozat
Megjelent: 2003
Tárgyszavak:
Online Access:http://diploma.bibl.u-szeged.hu/143087
LEADER 00664nta a2200181 i 4500
001 dipl143087
005 20241118142940.0
008 241118s2003 hu om 000 hun d
040 |a SZTE Diploma Repozitórium  |b hun 
041 |a hun 
100 1 |a Turbók Anita 
245 1 2 |a A kalocsai székeskáptalan rövid története és hiteleshelyi tevékenysége az Árpád-korban  |h [elektronikus dokumentum] /  |c Anita Turbók 
260 |c 2003 
650 4 |a Bölcsészettudományok 
650 4 |a Humanities 
650 4 |a History and archaeology 
700 0 1 |a Koszta László  |e ths 
856 4 0 |u https://diploma.bibl.u-szeged.hu/id/eprint/143087/1/2003_turbok_anita.pdf  |z Dokumentum-elérés